| 000 | 00515nam a22001697a 4500 | ||
|---|---|---|---|
| 999 |
_c37929 _d37929 |
||
| 003 | CUTN | ||
| 005 | 20220120142316.0 | ||
| 008 | 220120b ||||| |||| 00| 0 eng d | ||
| 041 | _aEnglish | ||
| 082 |
_a540 _bKAR |
||
| 100 | _aKartikeyan, R (R141502) | ||
| 245 | _aSynthesis, DNA/Protein Binding, Nuclease activity and Cytotoxicity of Heteroleptic Copper (II) Complexes | ||
| 260 |
_aThiruvarur _bCentral University of Tamil Nadu _cOctober,2021 |
||
| 300 | _a211p, | ||
| 700 | _aRajendiran,V | ||
| 942 |
_2ddc _cTDP |
||